Fr. Conceicao Rodrigues College of Engineering

Income-Tax Ready Reckoner. (Record no. 23889)

MARC details
000 -LEADER
fixed length control field 00248nam a2200121Ia 4500
100 ## - MAIN ENTRY--PERSONAL NAME
Personal name Mehta/V.G.
245 ## - TITLE STATEMENT
Title Income-Tax Ready Reckoner.
260 ## - PUBLICATION, DISTRIBUTION, ETC.
Name of publisher, distributor, etc. Shri Kuber Publ.
Place of publication, distribution, etc. Mumbai
300 ## - PHYSICAL DESCRIPTION
Extent 352
546 ## - LANGUAGE NOTE
Language note ENGLISH
942 ## - ADDED ENTRY ELEMENTS (KOHA)
Koha item type Reference Book
Holdings
Withdrawn status Lost status Damaged status Not for loan Collection Home library Current library Shelving location Date acquired Source of acquisition Cost, normal purchase price Inventory number Total Checkouts Full call number Barcode Date last seen Cost, replacement price Price effective from Koha item type
        ITI Fr. Agnel's C.Rodrigues College of Engineering Fr. Agnel's C.Rodrigues College of Engineering   17/03/2023 Bhavani Book Depot 360.00 15484/DT.31/05/2006   ITI748 17/03/2023 360.00   Reference Book